| 000 | 00405nam a2200133Ia 4500 | ||
|---|---|---|---|
| 008 | 211119s9999||||xx |||||||||||||| ||und|| | ||
| 082 |
_a611 _bKAM-S |
||
| 100 | _aKamaruddin, M | ||
| 245 | 0 | _aSareeravum Samskaravum | |
| 260 |
_bMathrubhumi Books _aKottayam _c2012 |
||
| 300 | _a119p. | ||
| 650 |
_a Technology _vMedicine & healthHuman anatomy, cytology & histologyMalayalam _xGeneral Stack |
||
| 942 | _cBOOK | ||
| 999 |
_c119818 _d119818 |
||